书目信息 |
| 题名: |
变化中的时间观念
|
|
| 作者: | 伊尼斯 著 ;何道宽 译 | |
| 分册: | ||
| 出版信息: | 北京 中国传媒大学出版社 2013.01 |
|
| 页数: | 404页 | |
| 开本: | 22cm | |
| 丛书名: | 新闻学与传播学经典译丛 | |
| 单 册: | ||
| 中图分类: | H319.4:G206 , G206 | |
| 科图分类: | ||
| 主题词: | 信息论--汉语--对照读物 , 传播学--研究 , 信息论 , 汉语 , 传播学 | |
| 电子资源: | ||
| ISBN: | 978-7-5657-0622-6 | |
| 000 | 01178oam2 2200337 450 | |
| 001 | 010050023223 | |
| 005 | 20130504102511.44 | |
| 010 | @a978-7-5657-0622-6@b精装@dCNY59.80 | |
| 100 | @a20130130d2013 em y0chiy50 ea | |
| 101 | 2 | @achi@aeng@ceng |
| 102 | @aCN@b110000 | |
| 105 | @ay z 000yy | |
| 106 | @ar | |
| 200 | 1 | @a变化中的时间观念@9bian hua zhong de shi jian guan nian@dChanging concepts of time@e中文·英文(双语版)@f(加)哈罗德·伊尼斯(Harold Innis)著@g何道宽译@zeng |
| 210 | @a北京@c中国传媒大学出版社@d2013.01 | |
| 215 | @a404页@d22cm | |
| 225 | 2 | @a新闻学与传播学经典译丛@i大师系列 |
| 330 | @a本书共分为五章,主要内容包括:文化战略;美国宪法的军事意涵;罗马法与英帝国;英国、美国和加拿大等。 | |
| 462 | 0 | @12001 @a大师系列@1701 0@a展江@4主编 |
| 510 | 1 | @aChanging concepts of time@zeng |
| 606 | 0 | @a信息论@x汉语@j对照读物 |
| 606 | 0 | @a传播学@x研究 |
| 606 | 0 | @a信息论 |
| 606 | 0 | @a汉语 |
| 606 | 0 | @a传播学 |
| 690 | @aH319.4:G206@v5 | |
| 690 | @aG206@v4 | |
| 701 | 0 | @c(加)@a伊尼斯@9yi ni si@c(Innis, Harold@f1894-1952)@4著 |
| 702 | 0 | @a何道宽@9he dao kuan@4译 |
| 801 | 0 | @aCN@b人天书店@c20130130 |
| 905 | @b542891-95@dG206@e496@f5 | |
| 变化中的时间观念=Changing concepts of time:中文·英文(双语版)/(加)哈罗德·伊尼斯(Harold Innis)著/何道宽译.-北京:中国传媒大学出版社,2013.01 |
| 404页;22cm.-(新闻学与传播学经典译丛.大师系列) |
| ISBN 978-7-5657-0622-6(精装):CNY59.80 |
| 本书共分为五章,主要内容包括:文化战略;美国宪法的军事意涵;罗马法与英帝国;英国、美国和加拿大等。 |
| ● |
| 相关链接 |
|
|
|
|
正题名:变化中的时间观念
索取号:G206/496
 
预约/预借
| 序号 | 登录号 | 条形码 | 馆藏地/架位号 | 状态 | 备注 |
| 1 | 542891 | 205428919 | 第一样本阅览室/ [索取号:G206/496] | 在馆 | |
| 2 | 542892 | 205428928 | 第四借阅区/ [索取号:G206/496] | 在馆 | |
| 3 | 542893 | 205428937 | 第四借阅区/ [索取号:G206/496] | 在馆 | |
| 4 | 542894 | 205428946 | 第四借阅区/ [索取号:G206/496] | 在馆 | |
| 5 | 542895 | 205428955 | 密集书库-文学院/ [索取号:G206/496] | 在馆 |